ბათუმის შოთა რუსთაველის სახელმწიფო უნივერსიტეტის ბიბლიოთეკა

Земляника (ბიბ.ჩანაწერი № 45786)

000 -LEADER
fixed length control field 00677nam a2200229Ia 4500
001 - CONTROL NUMBER
control field 12614
003 - CONTROL NUMBER IDENTIFIER
control field GE_BSU
008 - FIXED-LENGTH DATA ELEMENTS--GENERAL INFORMATION
fixed length control field 181216s||||||||xx |||||||||||||| ||und||
040 ## - CATALOGING SOURCE
Transcribing agency GE_BSU
080 ## - UNIVERSAL DECIMAL CLASSIFICATION NUMBER
Universal Decimal Classification number 634.752
100 ## - MAIN ENTRY--PERSONAL NAME
Personal name Михайлов,И.Г.
245 ## - TITLE STATEMENT
Title Земляника
245 ## - TITLE STATEMENT
Remainder of title Ленингр.зональная плодово-ягодная опытная станция
245 ## - TITLE STATEMENT
Statement of responsibility, etc. Ред.А.Н.Молчанов
260 ## - PUBLICATION, DISTRIBUTION, ETC.
Place of publication, distribution, etc. М-Л
260 ## - PUBLICATION, DISTRIBUTION, ETC.
Name of publisher, distributor, etc. Сельхозгиз
260 ## - PUBLICATION, DISTRIBUTION, ETC.
Date of publication, distribution, etc. 1938
300 ## - PHYSICAL DESCRIPTION
Extent 197стр.21см.
300 ## - PHYSICAL DESCRIPTION
Dimensions указатель латинских использ.литер.с192
653 ## - INDEX TERM--UNCONTROLLED
Uncontrolled term Земляника
942 ## - ADDED ENTRY ELEMENTS (KOHA)
Koha item type წიგნი
ეგზემპლარები
Withdrawn status Lost status Damaged status Not for loan Date acquired Barcode Date last seen Price effective from Koha item type
        2018-12-17 20572 2018-12-17 2018-12-17 წიგნი